Secrets of succesful masterplans (Record no. 117102)
[ view plain ]
| 000 -LEADER | |
|---|---|
| fixed length control field | 00975cam a2200205 4500 |
| 001 - CONTROL NUMBER | |
| control field | WB4011-19 |
| 008 - FIXED-LENGTH DATA ELEMENTS--GENERAL INFORMATION | |
| fixed length control field | 040316n2004 000 0 eng u |
| 035 ## - SYSTEM CONTROL NUMBER | |
| System control number | (Sirsi) u125419 |
| 245 ## - TITLE STATEMENT | |
| Title | Secrets of succesful masterplans |
| 260 ## - PUBLICATION, DISTRIBUTION, ETC. | |
| Date of publication, distribution, etc. | 2004 |
| 490 ## - SERIES STATEMENT | |
| Series statement | CABE Press Release |
| Volume/sequential designation | 10 March 2004 (2) |
| 520 ## - SUMMARY, ETC. | |
| Summary, etc. | CABE has published two new reports on the state of modern masterplanning. They highlight the value of masterplans, their importance for delivering major redevelopment over extended periods, how to produce successful masterplanned schemes and a series of recent case studies. "Creating successful masterplans: a guide for clients" is available at http://www.cabe.org.uk/publications/ and "Designed reviewed masterplans" will follow shortly. http://www.cabe.org.uk/news/press/showPRelease.asp ?id=612 |
| 590 ## - LOCAL NOTE (RLIN) | |
| Local note | WB |
| 590 ## - LOCAL NOTE (RLIN) | |
| Local note | WB |
| 650 ## - SUBJECT ADDED ENTRY--TOPICAL TERM | |
| Topical term or geographic name entry element | REDEVELOPMENT |
| 650 ## - SUBJECT ADDED ENTRY--TOPICAL TERM | |
| Topical term or geographic name entry element | MASTERPLANS |
| 650 ## - SUBJECT ADDED ENTRY--TOPICAL TERM | |
| Topical term or geographic name entry element | URBAN DESIGN |
| 690 ## - LOCAL SUBJECT ADDED ENTRY--TOPICAL TERM (OCLC, RLIN) | |
| Topical term or geographic name as entry element | REGENERATION |
| 942 ## - ADDED ENTRY ELEMENTS (KOHA) | |
| Suppress in OPAC | 0 |
| Withdrawn status | Lost status | Source of classification or shelving scheme | Damaged status | Not for loan | Home library | Current library | Shelving location | Date acquired | Total Checkouts | Full call number | Barcode | Date last seen | Copy number | Price effective from | Koha item type |
|---|---|---|---|---|---|---|---|---|---|---|---|---|---|---|---|
| Dewey Decimal Classification | London | London | News article | 16/03/2004 | WB4011-19 | 125419-1001 | 06/08/2019 | 1 | 06/08/2019 | News article |